Narrative of a journey to the shores of the Polar Sea in the years 1819, 20, 21, 22.

Gardado en:
Detalles Bibliográficos
Autor Principal: Franklin, John
Formato: Libro
Idioma:inglés
Publicado: London, England, United Kingdom John Murray. 1824
Edición:Third edition
Subjects:
Tags: Engadir etiqueta
Sen Etiquetas, Sexa o primeiro en etiquetar este rexistro!

MARC

LEADER 00000nam a2200000 a 4500
001 UCJ3750
003 CL-VaPUC
005 20250227100115.0
008 070124e18240000UK |||||||||||||||||eng|d
999 |c 319872  |d 319870 
040 |c Pontificia Universidad Católica de Valparaíso 
082 0 4 |a 910.4 FRA 1824  |2 21 
100 0 |a Franklin, John  |9 506075 
245 1 0 |a Narrative of a journey to the shores of the Polar Sea in the years 1819, 20, 21, 22. 
250 |a Third edition 
260 0 3 |a London, England, United Kingdom  |b John Murray.  |c 1824 
300 |a 2 volúmenes. 
500 |a El volumen 1° contiene 1 mapa; el volumen 2° contiene 3 mapas. 
583 |a last modification  |c 20070124 00:00:00  |k Rodrigo Vera 
650 0 |a Viajes  |9 257115 
650 0 |a Expediciones científicas  |9 265222 
650 0 |a Descubrimientos geográficos  |9 331933 
650 7 |a DIARIO  |2 CL-VaPUC  |9 441581 
650 7 |a HISTORIA DE LA GEOGRAFIA  |2 CL-VaPUC  |9 486550 
650 7 |a ESQUIMALES  |2 CL-VaPUC  |9 441373 
650 0 |a Aborígenes  |9 329972 
650 0 |a Cultura  |9 269059 
650 0 |a Antropología cultural   |9 269905 
650 0 |a Recursos naturales  |9 255232 
650 7 |a FAUNA  |2 CL-VaPUC  |9 349523 
650 0 |a Mapas  |9 260844 
651 7 |a ALASKA  |2 CL-VaPUC  |9 359248 
651 7 |a CANADA  |2 CL-VaPUC  |9 506076 
651 7 |a REGION ARTICA  |2 CL-VaPUC  |9 366377 
942 |c BK  |2 ddc 
945 |d 20070124 00:00:00  |a rinostro 
952 |0 0  |1 0  |4 0  |6 910_400000000000000_FRA_1824  |7 0  |8 X  |9 398271  |a FDOBUD  |b FDOBUD  |d 2019-11-22  |h v.1  |i 1007815  |o 910.4 FRA 1824  |p 1007815  |r 2019-11-22  |t 1  |w 2019-11-22  |y BK_X  |k BUD 
952 |0 0  |1 0  |4 0  |6 910_400000000000000_FRA_1824  |7 0  |8 X  |9 398272  |a FDOBUD  |b FDOBUD  |d 2019-11-22  |h v.2  |i 1007823  |o 910.4 FRA 1824  |p 1007823  |r 2019-11-22  |t 1  |w 2019-11-22  |y BK_X  |k BUD